| Поле | Инд. | ПП | Название | Значение |
|---|---|---|---|---|
| Тип записи | a | |||
| Библиографический уровень | b | |||
| 001 | Контрольный номер | RU/IS/BASE/432038157 | ||
| 005 | Дата корректировки | 20200723162429.1 | ||
| 008 | Кодируемые данные | 20130909 | ||
| 040 | b | Код языка каталог. | rus | |
| e | Правила каталог. | PSBO | ||
| 041 | 0_ | a | Код языка текста | rus |
| 100 | 1_ | a | Автор | Карайченцева С. А. |
| 245 | 10 | a | Заглавие | От Гомера до Толкиена |
| b | Продолж. заглавия | произведения зарубежных авторов в репертуаре изданий детской литературы 1918 - 1978 гг. | ||
| 773 | 08 | t | Заглавие источника | Библиография |
| d | Дата издания источника | 2010 | ||
| g | Прочая информация | № 5. - С. 51 - 58 | ||
| w | Контрольный № источника | RU/IS/BASE/343238942 | ||
| 901 | t | Тип документа | b |